1631 1928 1720 1135 1929 1993 1427 1084 1483 1536 1872 1629 1522 1515 1449 1215 1266 1784 1956 1871 1663 1578 1932 1554 1838 1517 1220 1370 1943 1467 1324 1471 1825 1577 1173 1664 1310 1927 1904 1657 1570 1451 1321 1532 1706 1654 1681 1620 1379 1285 1644 1389 1190 1195 1795 1836 1027 1154 1107 1611 1686 1844 1390 1872 1660 1322 1106 1257 1026 1391 1305 1186 1513 1681 1026 1434 1557 1079 1740 1717 1108 1704 1751 1512 1414 1598 1129 1052 1124 1263 1025 1864 1974 1530 1895 1113 1286 1217 1779 BCNSPRNW ULIB Ver.6.0+V

เปลี่ยนเป็นภาษาไทย

Change to English
 แสดงรายละเอียดบรรณานุกรม
  กลับหน้าหลัก

Brief Record : Get Marc (ISO 2709) : E-mail record : QR code < ปิดหน้าต่าง
LEADER : 00000nam 2200000uu 4500
001    13399128544
003     ULIB
008    230906s2565||||th 000 0 tha d
020    ^a9786168212653
060 04 ^aWL359^bค695
245 10 ^aคู่มือพาร์กินสัน--พาสุข :^bสำหรับผู้ดูแลเพื่อการดูแลอย่างถูกต้อง /^cโดยศูนย์ความเป็นเลิศทางการแพทย์โรคพาร์กินสัน และกลุ่มโรคความเคลื่อนไหวผิดปกติ โรงพยาบาลจุฬาลงกรณ์ สภากาชาดไทย
246 30 ^aคู่มือพาร์กินสัน...พาสุข :^bสำหรับผู้ดูแลเพื่อการดูแลอย่างถูกต้อง
246 31 ^aParkinson s caregiver handbook
250    ^aพิมพ์ครั้งที่ 1
260    ^aกรุงเทพฯ :^bศูนย์ความเป็นเลิศทางการแพทย์โรคพาร์กินสัน และกลุ่มโรคความเคลื่อนไหวผิดปกติ โรงพยาบาลจุฬาลงกรณ์ สภากาชาดไทย,^c2565
300    ^axvi, 277 หน้า :^bภาพประกอบสี ;^c24 ซม.
650  4 ^aการพยาบาล^vคู่มือ
650  4 ^aโรคพาร์กินสัน^xการพยาบาล
650  4 ^aโรคพาร์กินสัน^xการรักษา
650  4 ^aโรคพาร์กินสัน^xคู่มือ
700 0  ^aปรีญา จาโกต้า,^eบรรณาธิการ
700 0  ^aพรทิพย์ จงวันติสุข,^eบรรณาธิการ
700 0  ^aรุ่งโรจน์ พิทยศิริ,^eบรรณาธิการ
710 2  ^aศูนย์ความเป็นเลิศทางการแพทย์โรคพาร์กินสัน
710 2  ^aสภากาชาดไทย.^bโรงพยาบาลจุฬาลงกรณ์.^bกลุ่มโรคความเคลื่อนไหวผิดปกติ
945    ^p350^l0^i29692
945    ^p350^l0^i29693
945    ^p350^l0^i29694
945    ^p350^l0^i29695
945    ^p350^l0^i29696
999    ^aกัณชพร จุลอักษร
รายการนี้ยังไม่มีแท็ก
คุณยังไม่ได้ล็อกอิน คุณสามารถมีกิจกรรมร่วมกับเว็บไซต์ได้ แต่ต้องล็อกอินก่อน ::
  ล็อกอิน

รายการสื่อสารสนเทศ

ลำดับที่ ประเภท เลขเรียก/บาร์โค้ด สถานที่ สถานะ
1. หนังสือสำรอง
หนังสือสำรอง
WL359 ค695 ฉ.1 
  Barcode: 29692
ห้องสมุดวิทยาเขตนครสวรรค์
►หนังสือทั่วไป:l:General Books
บนชั้น
2. วิทยาศาสตร์การแพทย์ และสุขภาพ
วิทยาศาสตร์การแพทย์ และสุขภาพ
WL359 ค695 ฉ.2 
  Barcode: 29693
ห้องสมุดวิทยาเขตนครสวรรค์
►หนังสือทั่วไป:l:General Books
บนชั้น
3. วิทยาศาสตร์การแพทย์ และสุขภาพ
วิทยาศาสตร์การแพทย์ และสุขภาพ
WL359 ค695 ฉ.3 
  Barcode: 29694
ห้องสมุดวิทยาเขตนครสวรรค์
►หนังสือทั่วไป:l:General Books
บนชั้น
4. วิทยาศาสตร์การแพทย์ และสุขภาพ
วิทยาศาสตร์การแพทย์ และสุขภาพ
WL359 ค695 ฉ.4 
  Barcode: 29695
ห้องสมุดวิทยาเขตนครสวรรค์
►หนังสือทั่วไป:l:General Books
บนชั้น
5. วิทยาศาสตร์การแพทย์ และสุขภาพ
วิทยาศาสตร์การแพทย์ และสุขภาพ
WL359 ค695 ฉ.5 
  Barcode: 29696
ห้องสมุดวิทยาเขตนครสวรรค์
►หนังสือทั่วไป:l:General Books
บนชั้น

BibComment


ยังไม่เคยถูกคอมเมนท์

คอมเมนท์ทรัพยากรรายการนี้
  คอมเมนท์: คู่มือพาร์กินสัน..


 Copyright 2026. Bcnsprnw @Library